Normal view
MARC view
- Accounting
Entry Topical Term
001 - CONTROL NUMBER
- control field: 6788
003 - CONTROL NUMBER IDENTIFIER
- control field: JO-AjAnu
005 - DATE AND TIME OF LATEST TRANSACTION
- control field: 20230606071411.0
008 - FIXED-LENGTH DATA ELEMENTS
- fixed length control field: 230606|| aca||aabn | a|a d
040 ## - CATALOGING SOURCE
- Original cataloging agency: JO-AjAnu
- Transcribing agency: JO-AjAnu
150 ## - HEADING--TOPICAL TERM
- Topical term or geographic name entry element: Accounting
670 ## - SOURCE DATA FOUND
- Source citation: Work cat.: (JO-AjAnu)3518: HANSON, ERNESTI, JAMES C. HAMRE , PAUL H. WALGENBACH, author 6787, PRINCIPLES OF ACCOUNTING, Vol 1